Vnešnjaja torgovlja

Saved in:
Bibliographic Details
Format: Serial
Language:Russian
Published: Moskva Izvestija
Tags: Add Tag
No Tags, Be the first to tag this record!

MARC

LEADER 00000nas1a22000001 4500
001 s120920
005 20230808115330.7
041 0 |a rus 
044 |a RU 
245 1 0 |a Vnešnjaja torgovlja 
264 1 |a Moskva  |b Izvestija